000 00659nam a2200217Ia 4500
008 220216s9999 xx 000 0 und d
100 _aAnsarifat A
245 0 _aAssessing effects of thermoset polyester resin waste powder on the processing and mechanical properties of natural rubber
260 _bJournal of Rubber Research
_c2009
300 _a26-Dec
520 _aDL
650 _aGlass reinforced thermoset polyester resin waste powder
650 _aMechanical properties
650 _aProcessing properties
650 _aRecycling
650 _aSulphur cure
700 _aOsmani M
700 _aPappu A
700 _aWang L
942 _cJS
999 _c54528
_d54528